-
Koonts, Harold and Weihrich, Heinz.
Entry Personal Name
Number of records used in: 1
001 - CONTROL NUMBER
003 - CONTROL NUMBER IDENTIFIER
005 - DATE AND TIME OF LATEST TRANSACTION
- control field:
20180814120508.0
008 - FIXED-LENGTH DATA ELEMENTS
- fixed length control field:
180814|| aca||aabn | a|a d
040 ## - CATALOGING SOURCE
- Original cataloging agency:
OSt
- Transcribing agency:
OSt
100 ## - HEADING--PERSONAL NAME
- Personal name:
Koonts, Harold and Weihrich, Heinz.
670 ## - SOURCE DATA FOUND
- Source citation:
Work cat.: (OSt)492: Koonts, Harold and Weihrich, Heinz., Essentials of Management, 2003